000 00212nam a22000857a 4500
008 170120b xxu||||| |||| 00| 0 eng d
100 _92516
_aSiddiqi.N.etal.
245 _aMy EVS Book-3
260 _aNew Delhi
_bN.P.
_c2011
999 _c5592
_d5592